000 00296nam a2200109Ia 4500
008 200302s9999 xx 000 0 und d
100 _aTimmons Gayheart Virginia
245 _aPainting in the School Program
260 _bDavis Publication Worcestre Massachusetts
260 _c1968
300 _a135 P.,
999 _c280
_d280